Sicherheitsbericht ... / BM.I, Bundesministerium für Inneres / Kriminalität - Vorbeugung und Bekämpfung 2014 [Kernteil]
| Format: | Electronic Book Statistics |
|---|---|
| Language: | German |
| Published: |
2015
|
| In: |
Sicherheitsbericht ... Bericht der Bundesministeriums für Inneres über die innere Sicherheit in Österreich
Year: 2015 |
| Online Access: |
Volltext (kostenfrei) Volltext (kostenfrei) Volltext (kostenfrei) |
| Check availability: | HBZ Gateway |
| Keywords: | |
| Parallel Edition: | Non-electronic
|
MARC
| LEADER | 00000cam a2200000 cc4500 | ||
|---|---|---|---|
| 001 | 1757137939 | ||
| 003 | DE-627 | ||
| 005 | 20210531114825.0 | ||
| 007 | cr uuu---uuuuu | ||
| 008 | 210505s2015 xx |||||os 00| ||ger c | ||
| 024 | 7 | |a urn:nbn:de:bsz:21-dspace-1154742 |2 urn | |
| 024 | 7 | |a 10.15496/publikation-56849 |2 doi | |
| 024 | 7 | |a 10900/115474 |2 hdl | |
| 035 | |a (DE-627)1757137939 | ||
| 035 | |a (DE-599)KXP1757137939 | ||
| 040 | |a DE-627 |b ger |c DE-627 |e rda | ||
| 041 | |a ger | ||
| 082 | 0 | 4 | |a 360; 340 |
| 084 | |a 2,1 |2 ssgn | ||
| 245 | 0 | 0 | |a Sicherheitsbericht ... / BM.I, Bundesministerium für Inneres |p Kriminalität - Vorbeugung und Bekämpfung |n 2014 |p [Kernteil] |
| 264 | 1 | |c 2015 | |
| 300 | |a 1 Online-Ressource (160 Seiten) | ||
| 336 | |a Text |b txt |2 rdacontent | ||
| 337 | |a Computermedien |b c |2 rdamedia | ||
| 338 | |a Online-Ressource |b cr |2 rdacarrier | ||
| 650 | 0 | 7 | |0 (DE-588)4043830-2 |0 (DE-627)104189177 |0 (DE-576)209057513 |a Organisiertes Verbrechen |2 gnd |
| 650 | 0 | 7 | |0 (DE-588)4048171-2 |0 (DE-627)106192035 |0 (DE-576)209076445 |a Radikalismus |2 gnd |
| 650 | 0 | 7 | |0 (DE-588)4120730-0 |0 (DE-627)105774456 |0 (DE-576)209537477 |a Migration |2 gnd |
| 650 | 0 | 7 | |0 (DE-588)4076308-0 |0 (DE-627)104364106 |0 (DE-576)209201428 |a Prävention |2 gnd |
| 650 | 0 | 7 | |0 (DE-588)4054790-5 |0 (DE-627)106161075 |0 (DE-576)209110589 |a Sicherheit |2 gnd |
| 651 | 7 | |0 (DE-588)4043271-3 |0 (DE-627)10420317X |0 (DE-576)209054964 |a Österreich |2 gnd | |
| 655 | 7 | |a Statistik |y 2014 |0 (DE-588)4056995-0 |0 (DE-627)106152955 |0 (DE-576)209119799 |2 gnd-content | |
| 773 | 1 | 8 | |a Sicherheitsbericht ... Bericht der Bundesministeriums für Inneres über die innere Sicherheit in Österreich |w (DE-627)891021655 |w (DE-576)490216528 |w (DE-600)2898203-4 |g 2014 |q 2015,2014 |7 nnas |
| 776 | 0 | 8 | |i Erscheint auch als |n Druck-Ausgabe |t [Hauptband] |d 2015 |h 117 S. |w (DE-627)1514879441 |w (DE-576)444879447 |k Non-Electronic |
| 856 | 4 | 0 | |u http://hdl.handle.net/10900/115474 |x Resolving-System |z kostenfrei |3 Volltext |7 0 |
| 856 | 4 | 0 | |u https://doi.org/10.15496/publikation-56849 |x Resolving-System |z kostenfrei |3 Volltext |7 0 |
| 856 | 4 | 0 | |u http://nbn-resolving.de/urn:nbn:de:bsz:21-dspace-1154742 |q application/pdf |x Resolving-System |z kostenfrei |3 Volltext |7 0 |
| 935 | |a mkri | ||
| 951 | |a JV | ||
| ELC | |a 1 | ||
| LOK | |0 000 xxxxxcx a22 zn 4500 | ||
| LOK | |0 001 392334810X | ||
| LOK | |0 003 DE-627 | ||
| LOK | |0 004 1757137939 | ||
| LOK | |0 005 20210531084223 | ||
| LOK | |0 008 210505||||||||||||||||ger||||||| | ||
| LOK | |0 040 |a DE-21 |c DE-627 |d DE-21 | ||
| LOK | |0 092 |o n | ||
| LOK | |0 852 |a DE-21 | ||
| LOK | |0 852 1 |9 00 | ||
| LOK | |0 866 |x Download, Universitätsbibliothek Tübingen, 2021 | ||
| LOK | |0 935 |a opus |a krim |a stat | ||
| LOK | |0 939 |a 05-05-21 |b l01 | ||
| OAS | |a 1 | ||
| ORI | |a SA-MARC-krimdoka001.raw | ||
| TIM | |a 100020140101_100020141231 |b 2014 - 2014 | ||
